Practical Techniques to Develop Communication Skills/ (Record no. 211227)

MARC details
000 -LEADER
fixed length control field 00662nam a22002057a 4500
005 - DATE AND TIME OF LATEST TRANSACTION
control field 20250508125230.0
010 ## - LCCN (DPL NO)
LC control number ENG-144834
020 ## - INTERNATIONAL STANDARD BOOK NUMBER
International Standard Book Number 9788192834221
Terms of availability 150.00
035 ## - SYSTEM CONTROL NUMBER
System control number EN-128366
037 ## - SOURCE OF ACQUISITION
Source of stock number/acquisition DBAD
082 ## - DEWEY DECIMAL CLASSIFICATION NUMBER
Classification number 485
Edition number 1
100 ## - MAIN ENTRY--PERSONAL NAME
Personal name Popat, Parul
245 ## - TITLE STATEMENT
Title Practical Techniques to Develop Communication Skills/
Statement of responsibility, etc by Parul Popat [and] Kaushal Kotadia
250 ## - EDITION STATEMENT
Edition statement 1
260 ## - PUBLICATION, DISTRIBUTION, ETC. (IMPRINT)
Place of publication, distribution, etc Gujarat
Name of publisher, distributor, etc Pothi Prakashan
Date of publication, distribution, etc 2015
270 ## - ADDRESS
Address 8, Amba Bhuvan Nana Bazar, Vallah Vidyanagar,Anand
City Gujarat
Postal code 388120
Telephone number 9409012868
300 ## - PHYSICAL DESCRIPTION
Extent 188p.
Dimensions 28cm(pb)
700 ## - ADDED ENTRY--PERSONAL NAME
Personal name Kotadia, Kaushal
Relator term Author
9 (RLIN) 81126
942 ## - ADDED ENTRY ELEMENTS (KOHA)
Source of classification or shelving scheme Dewey Decimal Classification
Item type English Books
Classification part 485
Call number suffix POP
Holdings
Withdrawn status Lost status Not for loan Collection code Home library Current library Date acquired Source of acquisition Cost, normal purchase price Full call number Barcode Copy number Cost, replacement price Koha item type
      Non-fiction Ashok Vihar Ashok Vihar 08/05/2025 Delivery of Books Act Division 150.00 485 POP EN-128366 1 150.00 English Books

© Delhi Public Library
Hit Counter
free hit counter